[Event "2. Bundesliga Ost 2013/2014"]
[Site "Wien"]
[Date "2014.01.26"]
[Round "7"]
[Board "3"]
[White "Wallner, Joachim"]
[Black "Kirschner, Alexander"]
[Result "1-0"]
[WhiteElo "2365"]
[BlackElo "2286"]
[PlyCount "63"]
[EventDate "2013.10.05"]
[EventType "team"]
[EventRounds "11"]
[EventCountry "AUT"]
[WhiteTeam "ASVOE Wulkaprodersdorf"]
[BlackTeam "Raiffeisen Waehring"]

1. e4 e6 2. d4 d5 3. Nd2 Be7 4. Ngf3 Nf6 5. e5 Nfd7 6. Bd3 c5 7. c3 Nc6 8. O-O
g5 9. dxc5 Nxc5 10. Bb5 h6 11. Nb3 Nd7 12. Nbd4 Qc7 13. Re1 a6 14. Ba4 b5 15.
Nxc6 Qxc6 16. Bc2 Nb6 17. a4 bxa4 18. Rxa4 Bd7 19. Ra1 Qc7 20. Be3 Nc4 21. Bc1
g4 22. Nd4 Nxe5 23. Bf4 Bd6 24. Bg3 Kf8 25. Qe2 Nc4 26. Bxd6+ Nxd6 27. Qxg4 e5
28. Nf5 Nxf5 29. Bxf5 Rg8 30. Qb4+ Ke8 31. Qf4 Bxf5 32. Rxe5+ 1-0

[Event "2. Bundesliga Ost 2013/2014"]
[Site "Wien"]
[Date "2014.01.26"]
[Round "7"]
[Board "5"]
[White "Newrkla, Katharina"]
[Black "Dragnev, Valentin"]
[Result "0-1"]
[WhiteElo "2174"]
[BlackElo "2037"]
[PlyCount "166"]
[EventDate "2013.10.05"]
[EventType "team"]
[EventRounds "11"]
[EventCountry "AUT"]
[WhiteTeam "ASVOE Wulkaprodersdorf"]
[BlackTeam "Raiffeisen Waehring"]

1. e4 d6 2. d4 Nf6 3. Nc3 Nbd7 4. Nf3 e5 5. Bc4 Be7 6. O-O O-O 7. Re1 c6 8. a4
a5 9. h3 Nb6 10. Bd3 exd4 11. Nxd4 d5 12. e5 Ne8 13. Qh5 g6 14. Qh6 Ng7 15. Nf3
Ne6 16. h4 Re8 17. Ng5 Nf8 18. h5 Bf6 19. hxg6 fxg6 20. Bf4 Bg7 21. Qh2 h6 22.
Nf3 g5 23. Bd2 Nbd7 24. Qh5 Nc5 25. Re2 Nxd3 26. cxd3 Bf5 27. d4 Bd3 28. Re3
Bg6 29. Qg4 Ne6 30. Nh4 Bh7 31. Nf3 Bg6 32. Nh4 h5 33. Qg3 Bh7 34. Nf3 g4 35.
Nh4 Nxd4 36. Rd1 Qe7 37. f4 Bh6 38. Ree1 Rf8 39. Rf1 Nb3 40. Be3 Bc2 41. Ne2
Bh7 42. Nf3 Nc5 43. Nc3 Nd3 44. Nd4 Nxb2 45. Rde1 Nc4 46. Bc1 Qc5 47. Nce2 Bg7
48. Kh1 Qe7 49. Nc3 Rad8 50. Re2 Kh8 51. Rfe1 Bh6 52. Rf1 c5 53. Nb3 d4 54. Nb5
d3 55. Ref2 Bf5 56. Nd6 Nxd6 57. exd6 Qxd6 58. Qh4 c4 59. Bb2+ Kh7 60. Nd2 Rc8
61. Bc3 Qa3 62. Nb1 Qd6 63. Bxa5 Kg6 64. Bc3 Rfe8 65. Be5 Qe7 66. Qxe7 Rxe7 67.
Nc3 Rd7 68. Rd2 Rc5 69. Bb8 Bg7 70. Rc1 h4 71. Ba7 Rc6 72. a5 Bh6 73. Bb8 Rc8
74. Be5 Rc5 75. Re1 Re7 76. Rdd1 Rxa5 77. Rb1 Kf7 78. Red1 g3 79. Rb6 Ra6 80.
Rb4 Bg4 81. Rdb1 h3 82. gxh3 Bf3+ 83. Kg1 Rxe5 0-1

[Event "2. Bundesliga Ost 2013/2014"]
[Site "Wien"]
[Date "2014.01.26"]
[Round "7"]
[Board "6"]
[White "Iro, Christian"]
[Black "Exler, Veronika"]
[Result "0-1"]
[WhiteElo "1902"]
[BlackElo "2148"]
[PlyCount "72"]
[EventDate "2013.10.05"]
[EventType "team"]
[EventRounds "11"]
[EventCountry "AUT"]
[WhiteTeam "Raiffeisen Waehring"]
[BlackTeam "ASVOE Wulkaprodersdorf"]

1. e4 e5 2. Nf3 Nc6 3. Bb5 Nf6 4. O-O Nxe4 5. d4 Nd6 6. Bxc6 dxc6 7. dxe5 Nf5
8. Qxd8+ Kxd8 9. Nc3 Be6 10. Rd1+ Ke8 11. h3 Bb4 12. Bd2 Bxc3 13. Bxc3 c5 14.
Rd2 h6 15. b3 Ne7 16. Rad1 Nc6 17. Bb2 Ke7 18. c4 b6 19. Bc3 a6 20. Ne1 Rhd8
21. Nc2 Rxd2 22. Rxd2 Rd8 23. Rxd8 Kxd8 24. Ne3 Nb4 25. a3 Nd3 26. Kf1 a5 27.
Ke2 Nc1+ 28. Kd2 Nxb3+ 29. Kc2 Nd4+ 30. Bxd4 cxd4 31. Nd5 b5 32. Nf4 Bxc4 33.
h4 Ke7 34. h5 c5 35. Kb2 a4 36. Kc2 b4 0-1

[Event "2. Bundesliga Ost 2013/2014"]
[Site "Wien"]
[Date "2014.01.26"]
[Round "7"]
[Board "1"]
[White "Loeffler, Stefan"]
[Black "Lipka, Juraj"]
[Result "0-1"]
[WhiteElo "2415"]
[BlackElo "2419"]
[PlyCount "114"]
[EventDate "2013.10.05"]
[EventType "team"]
[EventRounds "11"]
[EventCountry "AUT"]
[WhiteTeam "ASVOE VHS Poechlarn"]
[BlackTeam "ASVOE Pamhagen"]

1. Nf3 d5 2. d4 Nf6 3. c4 e6 4. Bg5 Bb4+ 5. Nc3 Nbd7 6. cxd5 exd5 7. Qc2 h6 8.
Bf4 Ne4 9. e3 g5 10. Bg3 c6 11. Nd2 Nxg3 12. hxg3 Nf6 13. Bd3 Be6 14. Nf3 Ng4
15. a3 Be7 16. Na4 Kf8 17. Nc5 Bc8 18. b4 a5 19. b5 b6 20. Na4 cxb5 21. Bxb5
Be6 22. Be2 Kg7 23. O-O h5 24. Rfc1 Bd6 25. Qc6 Rb8 26. Nxg5 Qxg5 27. Qxd6 h4
28. Qf4 Qxf4 29. gxf4 h3 30. Bxg4 Bxg4 31. f3 Bd7 32. Nc3 hxg2 33. Nxd5 Bc6 34.
Ne7 Bxf3 35. Kf2 Be4 36. d5 Rh1 37. d6 Rd8 38. Rg1 Kf6 39. Rad1 Rxg1 40. Kxg1
Rh8 41. Nd5+ Ke6 42. f5+ Ke5 43. Nc3 Rh1+ 44. Kf2 Rxd1 45. Nxd1 Kxd6 46. Nc3
Ke5 47. Nb5 Bd3 48. Nc3 b5 49. Kxg2 b4 50. axb4 axb4 51. Nd1 Kxf5 52. Kf2 Ke4
53. Ke1 Bc2 54. Nb2 Kxe3 55. Nc4+ Kd4 56. Nd6 f5 57. Kd2 Bd3 0-1

[Event "2. Bundesliga Ost 2013/2014"]
[Site "Wien"]
[Date "2014.01.26"]
[Round "7"]
[Board "2"]
[White "Vitouch, Anatol"]
[Black "Kostic, Vladimir"]
[Result "1-0"]
[WhiteElo "2270"]
[BlackElo "2436"]
[PlyCount "145"]
[EventDate "2013.10.05"]
[EventType "team"]
[EventRounds "11"]
[EventCountry "AUT"]
[WhiteTeam "ASVOE Pamhagen"]
[BlackTeam "ASVOE VHS Poechlarn"]

1. g3 d5 2. Nf3 Nc6 3. c4 d4 4. Bg2 g6 5. O-O Bg7 6. d3 Nf6 7. b4 O-O 8. Bb2
Ng4 9. b5 Nb8 10. Nbd2 e5 11. h3 Nh6 12. Nb3 Nf5 13. a4 Re8 14. Nfd2 h5 15. Na5
c6 16. bxc6 Nxc6 17. Nxc6 bxc6 18. Bxc6 Bd7 19. Bg2 Rb8 20. Bc1 Qc7 21. Ne4 Bc6
22. Ba3 Red8 23. Qc2 Nh6 24. Rfb1 Rbc8 25. Bc1 f5 26. Ng5 Bxg2 27. Kxg2 Qc6+
28. f3 h4 29. gxh4 f4 30. Qb3 Nf5 31. Ne4 Nxh4+ 32. Kh2 Nf5 33. Bd2 Ng3 34.
Nxg3 fxg3+ 35. Kg2 Rf8 36. Qb7 e4 37. Qxc6 Rxc6 38. Rb7 exf3+ 39. exf3 Rcf6 40.
Rf1 Re6 41. Kxg3 Be5+ 42. Kg4 Bd6 43. Rd7 Re2 44. f4 Rg2+ 45. Kf3 Rxd2 46. Rxd6
Rxd3+ 47. Kg4 Kg7 48. Re1 Rd2 49. Re7+ Rf7 50. Ree6 Kh7 51. Kf3 Ra2 52. Rxd4
Rxa4 53. Ke4 a5 54. Ra6 Rf5 55. Rd7+ Kh6 56. Rc7 Ra1 57. Rcc6 Re1+ 58. Kd3 Rg1
59. Rf6 Rh5 60. f5 Rxh3+ 61. Kd4 Rg4+ 62. Kc5 Kg5 63. Rxg6+ Kxf5 64. Rxg4 Kxg4
65. Rxa5 Kf5 66. Kd6+ Kf6 67. c5 Rd3+ 68. Kc7 Ke6 69. Ra6+ Ke7 70. c6 Rh3 71.
Ra8 Rh7 72. Rd8 Ke6+ 73. Kc8 1-0

[Event "2. Bundesliga Ost 2013/2014"]
[Site "Wien"]
[Date "2014.01.26"]
[Round "7"]
[Board "3"]
[White "Weinzettl, Ernst"]
[Black "Rueckschloss, Karol"]
[Result "1/2-1/2"]
[WhiteElo "2312"]
[BlackElo "2244"]
[PlyCount "54"]
[EventDate "2013.10.05"]
[EventType "team"]
[EventRounds "11"]
[EventCountry "AUT"]
[WhiteTeam "ASVOE VHS Poechlarn"]
[BlackTeam "ASVOE Pamhagen"]

1. e4 e6 2. d4 d5 3. Nd2 Nf6 4. e5 Nfd7 5. Ngf3 c5 6. c4 Nb6 7. cxd5 Qxd5 8.
Bd3 cxd4 9. O-O Nc6 10. Re1 Nd7 11. Nb3 Nc5 12. Nxc5 Bxc5 13. a3 Bb6 14. Qe2
Bc7 15. Bc4 Qd7 16. b4 a6 17. Bb2 b5 18. Bb3 Bb7 19. Rad1 Rd8 20. Bc2 h6 21.
Be4 Bb6 22. Rd2 Qe7 23. Rc1 Rc8 24. Rcd1 Rd8 25. h3 Rd7 26. Rc2 Rc7 27. Rcd2
Rd7 1/2-1/2

[Event "2. Bundesliga Ost 2013/2014"]
[Site "Wien"]
[Date "2014.01.26"]
[Round "7"]
[Board "4"]
[White "Travenec, Igor"]
[Black "Wilke, Werner"]
[Result "0-1"]
[WhiteElo "2238"]
[BlackElo "2243"]
[PlyCount "70"]
[EventDate "2013.10.05"]
[EventType "team"]
[EventRounds "11"]
[EventCountry "AUT"]
[WhiteTeam "ASVOE Pamhagen"]
[BlackTeam "ASVOE VHS Poechlarn"]

1. e4 c5 2. Nf3 Nc6 3. d4 cxd4 4. Nxd4 e5 5. Nb5 d6 6. N1c3 a6 7. Na3 Be7 8.
Nd5 Nf6 9. Be3 Nxd5 10. exd5 Nb8 11. Nc4 Nd7 12. a4 O-O 13. Be2 f5 14. f4 g5
15. fxe5 Nxe5 16. Nb6 Rb8 17. O-O f4 18. Bd4 Bf6 19. Nxc8 Rxc8 20. Ra3 Qe7 21.
Rb3 Rc7 22. h4 Ng6 23. Bxf6 Qxf6 24. h5 Ne5 25. Rb4 Qf5 26. c3 Rcf7 27. Qb3 Qc8
28. Qd1 g4 29. Qd2 f3 30. Bd1 f2+ 31. Rxf2 Rxf2 32. Qg5+ Kh8 33. Bxg4 Rf1+ 34.
Kh2 Nxg4+ 35. Rxg4 Rg8 0-1

[Event "2. Bundesliga Ost 2013/2014"]
[Site "Wien"]
[Date "2014.01.26"]
[Round "7"]
[Board "5"]
[White "Loidl, Florian"]
[Black "Kuthan, Andreas"]
[Result "0-1"]
[WhiteElo "2192"]
[BlackElo "2221"]
[PlyCount "96"]
[EventDate "2013.10.05"]
[EventType "team"]
[EventRounds "11"]
[EventCountry "AUT"]
[WhiteTeam "ASVOE VHS Poechlarn"]
[BlackTeam "ASVOE Pamhagen"]

1. c4 Nf6 2. g3 g6 3. Bg2 Bg7 4. Nc3 O-O 5. e4 d6 6. d3 e5 7. Nge2 Be6 8. Nd5
c6 9. Nxf6+ Bxf6 10. Bh6 Bg7 11. Bxg7 Kxg7 12. O-O Na6 13. b3 Qd7 14. d4 Rfe8
15. Re1 Qc7 16. Qd2 Qb6 17. Kh1 Rad8 18. f4 Bg4 19. f5 Bxe2 20. Qxe2 exd4 21.
Qf3 f6 22. fxg6 hxg6 23. Rf1 Rf8 24. Qg4 Nc5 25. Rad1 Nd7 26. Qf4 Ne5 27. g4 g5
28. Qf5 Qc5 29. b4 Qxc4 30. h4 Qe2 31. Bh3 Qe3 32. Kh2 Qe2+ 33. Kh1 Qe3 34. Kh2
gxh4 35. Bg2 Qg3+ 36. Kh1 Nxg4 37. Qf4 Ne3 38. Rd2 Nxf1 39. Qxf1 Rh8 40. Bh3
Qe5 41. Rg2+ Kf7 42. Rg4 Rdg8 43. Rf4 Rg3 44. Bf5 Rhg8 45. Kh2 d3 46. b5 d2 47.
Qc4+ d5 48. exd5 Qxd5 0-1

[Event "2. Bundesliga Ost 2013/2014"]
[Site "Wien"]
[Date "2014.01.26"]
[Round "7"]
[Board "6"]
[White "Horvath, Maria"]
[Black "Mittermayr, Gerhard"]
[Result "0-1"]
[WhiteElo "2036"]
[BlackElo "2104"]
[PlyCount "88"]
[EventDate "2013.10.05"]
[EventType "team"]
[EventRounds "11"]
[EventCountry "AUT"]
[WhiteTeam "ASVOE Pamhagen"]
[BlackTeam "ASVOE VHS Poechlarn"]

1. d4 Nf6 2. c4 g6 3. Nc3 Bg7 4. e4 d6 5. f3 O-O 6. Be3 e5 7. d5 Nh5 8. Nge2 f5
9. Qd2 f4 10. Bf2 a6 11. c5 Nf6 12. O-O-O Nfd7 13. Na4 b5 14. cxb6 cxb6 15. Qb4
b5 16. Nac3 Nb6 17. b3 Qc7 18. Kb1 N8d7 19. Qa5 Bb7 20. Rc1 Nxd5 21. Qxc7 Nxc7
22. Rd1 Rf6 23. Bh4 Rf7 24. Rxd6 Bf8 25. Rd1 b4 26. Na4 Nb5 27. Nc1 Na3+ 28.
Kb2 Rc8 29. Rd2 Bc6 30. Bf2 Bxa4 31. bxa4 Nc5 32. Bxc5 Bxc5 33. Nb3 Be3 34. Rd1
Rc2+ 35. Ka1 Rfc7 36. Bxa6 Rxg2 37. Rd8+ Kg7 38. Bd3 Rc3 39. a5 Bd2 40. Rd7+
Kh6 41. Nxd2 Rxd2 42. Bb5 Rf2 43. Bd3 b3 44. axb3 Rxb3 0-1

[Event "2. Bundesliga Ost 2013/2014"]
[Site "Wien"]
[Date "2014.01.26"]
[Round "7"]
[Board "1"]
[White "Bernasek, Jan"]
[Black "Szabo, Krisztian"]
[Result "1-0"]
[WhiteElo "2539"]
[BlackElo "2558"]
[PlyCount "61"]
[EventDate "2013.10.05"]
[EventType "team"]
[EventRounds "11"]
[EventCountry "AUT"]
[WhiteTeam "Zwettl"]
[BlackTeam "ASVOE Mattersburg"]

1. d4 Nf6 2. c4 g6 3. Nc3 Bg7 4. e4 d6 5. h3 O-O 6. Bg5 Na6 7. Nf3 e5 8. d5 Qe8
9. g4 Kh8 10. Be2 Ng8 11. Rg1 f6 12. Be3 f5 13. gxf5 gxf5 14. exf5 Bxf5 15. Qd2
Nc5 16. O-O-O a6 17. Rg5 Ne4 18. Nxe4 Bxe4 19. Rdg1 Bf6 20. R5g3 Qa4 21. b3
Qa3+ 22. Kd1 Bb1 23. Ng5 Bxa2 24. Bd3 Bxg5 25. Rxg5 Bxb3+ 26. Ke2 Nf6 27. Rg7
e4 28. Bd4 Bd1+ 29. Kxd1 Qxd3 30. Qxd3 exd3 31. Rg8+ 1-0

[Event "2. Bundesliga Ost 2013/2014"]
[Site "Wien"]
[Date "2014.01.26"]
[Round "7"]
[Board "2"]
[White "Papp, Gabor"]
[Black "Polak, Thomas"]
[Result "1-0"]
[WhiteElo "2583"]
[BlackElo "2502"]
[PlyCount "115"]
[EventDate "2013.10.05"]
[EventType "team"]
[EventRounds "11"]
[EventCountry "AUT"]
[WhiteTeam "ASVOE Mattersburg"]
[BlackTeam "Zwettl"]

1. e4 e5 2. Nf3 Nf6 3. Nxe5 d6 4. Nf3 Nxe4 5. d4 d5 6. Bd3 Nc6 7. O-O Be7 8. c4
Nb4 9. Be2 O-O 10. Nc3 Bf5 11. a3 Nxc3 12. bxc3 Nc6 13. cxd5 Qxd5 14. Re1 Rfe8
15. Bf4 Bd6 16. c4 Qe4 17. Be3 Qc2 18. c5 Bf8 19. d5 Na5 20. Nd4 Qxd1 21. Raxd1
Bd7 22. Bd2 Ba4 23. Bxa5 Bxd1 24. Rxd1 Bxc5 25. Bf3 Bb6 26. Bc3 Bc5 27. a4 Rab8
28. h4 a6 29. h5 g6 30. hxg6 hxg6 31. g4 Bd6 32. Rb1 Be5 33. Kg2 Bg7 34. Rc1
Re7 35. a5 Rd7 36. Nb3 b6 37. Bxg7 Kxg7 38. Rc6 Kf8 39. Kg3 bxa5 40. Nc5 Re7
41. Nxa6 Rb7 42. d6 cxd6 43. Rc8+ Kg7 44. Bxb7 Rxb7 45. Rc6 Ra7 46. Rxd6 a4 47.
Nb4 a3 48. Na2 g5 49. f3 Ra4 50. Rd2 Rc4 51. Rd5 Rc2 52. Nb4 Rb2 53. Rxg5+ Kf8
54. Nd3 Rd2 55. Nf4 a2 56. Ra5 Ke7 57. Nh3 Kd6 58. Ng5 1-0

[Event "2. Bundesliga Ost 2013/2014"]
[Site "Wien"]
[Date "2014.01.26"]
[Round "7"]
[Board "4"]
[White "Brod, Manfred"]
[Black "Blatny, Pavel"]
[Result "0-1"]
[WhiteElo "2237"]
[BlackElo "2414"]
[PlyCount "72"]
[EventDate "2013.10.05"]
[EventType "team"]
[EventRounds "11"]
[EventCountry "AUT"]
[WhiteTeam "ASVOE Mattersburg"]
[BlackTeam "Zwettl"]

1. e4 e5 2. Nf3 Nc6 3. Bc4 Be7 4. d4 exd4 5. Nxd4 Bf6 6. Nxc6 bxc6 7. O-O d6 8.
f4 Be6 9. Bxe6 fxe6 10. Qf3 Bd4+ 11. Kh1 Qh4 12. Qb3 Kd7 13. Nd2 Bb6 14. Nf3
Qh5 15. Rd1 Nf6 16. Be3 Nxe4 17. Ne5+ Kc8 18. Nxc6 Kb7 19. Nd4 Rae8 20. a4 a5
21. Qd3 Nf6 22. b4 e5 23. Nb5 Bxe3 24. Qxe3 Qxh2+ 25. Kxh2 Ng4+ 26. Kg3 Nxe3
27. Rd3 exf4+ 28. Kxf4 axb4 29. Rb1 Rhf8+ 30. Kg3 Re4 31. c3 Nf1+ 32. Kh3 Rff4
33. g4 Rf2 34. Kh4 Rh2+ 35. Kg5 Re5+ 36. Kf4 Rf2+ 0-1

[Event "2. Bundesliga Ost 2013/2014"]
[Site "Wien"]
[Date "2014.01.26"]
[Round "7"]
[Board "5"]
[White "Pisk, Petr"]
[Black "Wiedner, Robert"]
[Result "1-0"]
[WhiteElo "2410"]
[BlackElo "2140"]
[PlyCount "73"]
[EventDate "2013.10.05"]
[EventType "team"]
[EventRounds "11"]
[EventCountry "AUT"]
[WhiteTeam "Zwettl"]
[BlackTeam "ASVOE Mattersburg"]

1. d4 Nf6 2. Nf3 e6 3. Bg5 d5 4. e3 c5 5. c3 Qb6 6. Qb3 Ne4 7. Bf4 c4 8. Qc2 f5
9. Be2 Nd7 10. O-O Be7 11. Ne5 O-O 12. b3 Nxe5 13. Bxe5 cxb3 14. axb3 Bd7 15.
c4 Bc6 16. f3 Nf6 17. c5 Qd8 18. b4 Qe8 19. Nc3 a6 20. Rfb1 Nd7 21. Bg3 Bg5 22.
Qd2 Qg6 23. Bd6 Rfe8 24. b5 axb5 25. Nxb5 Rxa1 26. Rxa1 Bh6 27. f4 Nf6 28. Qb2
Ne4 29. Be5 Qf7 30. Na7 g5 31. Nxc6 bxc6 32. Qb6 gxf4 33. exf4 Bg7 34. Ra7 Re7
35. Ra8+ Bf8 36. Qxc6 Rb7 37. Rxf8+ 1-0

[Event "2. Bundesliga Ost 2013/2014"]
[Site "Wien"]
[Date "2014.01.26"]
[Round "7"]
[Board "6"]
[White "Salamon, Werner"]
[Black "Wagner, Stefan"]
[Result "1/2-1/2"]
[WhiteElo "2122"]
[BlackElo "2178"]
[PlyCount "60"]
[EventDate "2013.10.05"]
[EventType "team"]
[EventRounds "11"]
[EventCountry "AUT"]
[WhiteTeam "ASVOE Mattersburg"]
[BlackTeam "Zwettl"]

1. e4 c5 2. Nf3 Nc6 3. d4 cxd4 4. Nxd4 g6 5. Nc3 Bg7 6. Be3 Nf6 7. Be2 O-O 8.
O-O d5 9. exd5 Nxd5 10. Nxd5 Qxd5 11. Bf3 Qc4 12. Nxc6 bxc6 13. c3 Be6 14. Qc2
a5 15. Rfd1 a4 16. Be2 Qh4 17. g3 Qh3 18. Bf1 Qh5 19. Bd4 Bd5 20. Bxg7 Kxg7 21.
Bg2 Rfd8 22. c4 Bxg2 23. Kxg2 Qc5 24. Rd3 Qe5 25. Rad1 Rxd3 26. Rxd3 Rb8 27. b3
Qe4+ 28. f3 Qe5 29. Qd2 axb3 30. axb3 c5 1/2-1/2

[Event "2. Bundesliga Ost 2013/2014"]
[Site "Wien"]
[Date "2014.01.26"]
[Round "7"]
[Board "1"]
[White "Banusz, Tamas"]
[Black "Kummer, Helmut"]
[Result "1-0"]
[WhiteElo "2596"]
[BlackElo "2331"]
[PlyCount "61"]
[EventDate "2013.10.05"]
[EventType "team"]
[EventRounds "11"]
[EventCountry "AUT"]
[WhiteTeam "SG Hietzing/Ottakring"]
[BlackTeam "Purbach"]

1. Nf3 d5 2. d4 c6 3. c4 Nf6 4. Nbd2 g6 5. g3 Bg7 6. Bg2 O-O 7. O-O Nbd7 8. b3
b6 9. Bb2 Bb7 10. Qc2 Rc8 11. e4 dxe4 12. Nxe4 c5 13. Nxf6+ Bxf6 14. d5 Qc7 15.
Rfe1 Rfe8 16. Re3 Rcd8 17. Rae1 Qb8 18. h4 h6 19. Bh3 Bc8 20. Qe2 Bxb2 21. Qxb2
Qd6 22. h5 Nf8 23. Bxc8 Rxc8 24. hxg6 Nxg6 25. Kg2 e6 26. dxe6 Rxe6 27. Rxe6
fxe6 28. Qf6 Nf8 29. Re4 Rc7 30. Rg4+ Kh7 31. Ng5+ 1-0

[Event "2. Bundesliga Ost 2013/2014"]
[Site "Wien"]
[Date "2014.01.26"]
[Round "7"]
[Board "2"]
[White "Heiny, Johannes"]
[Black "Beck, Hartmuth"]
[Result "0-1"]
[WhiteElo "2297"]
[BlackElo "2313"]
[PlyCount "78"]
[EventDate "2013.10.05"]
[EventType "team"]
[EventRounds "11"]
[EventCountry "AUT"]
[WhiteTeam "Purbach"]
[BlackTeam "SG Hietzing/Ottakring"]

1. d4 f5 2. g3 g6 3. Bg2 Bg7 4. c3 Nc6 5. Nd2 d5 6. Ndf3 e6 7. Nh3 Nh6 8. Nf4
Nf7 9. Nd3 Qe7 10. h4 b6 11. Bf4 Bb7 12. Qd2 h6 13. Qe3 a5 14. Nde5 Ncxe5 15.
Bxe5 Nxe5 16. Nxe5 Bxe5 17. Qxe5 O-O 18. O-O-O Qd6 19. Qxd6 cxd6 20. e3 Ba6 21.
Bf1 Bxf1 22. Rdxf1 b5 23. Kd2 Kf7 24. Kd3 Ke7 25. f3 Rac8 26. Rh2 Kd7 27. Rc2
Rc7 28. Rfc1 Rfc8 29. b3 e5 30. e4 fxe4+ 31. fxe4 dxe4+ 32. Kxe4 exd4 33. Kxd4
Rc5 34. Rf1 g5 35. Rf7+ Kc6 36. h5 Re8 37. c4 b4 38. Rf6 Rce5 39. Rd2 Re3 0-1

[Event "2. Bundesliga Ost 2013/2014"]
[Site "Wien"]
[Date "2014.01.26"]
[Round "7"]
[Board "3"]
[White "Penz, Harald"]
[Black "Wolfram, Bernd"]
[Result "1-0"]
[WhiteElo "2324"]
[BlackElo "2259"]
[PlyCount "87"]
[EventDate "2013.10.05"]
[EventType "team"]
[EventRounds "11"]
[EventCountry "AUT"]
[WhiteTeam "SG Hietzing/Ottakring"]
[BlackTeam "Purbach"]

1. e4 c5 2. c3 b6 3. d4 Bb7 4. Bd3 Nf6 5. Qe2 e6 6. Nf3 Be7 7. O-O d5 8. e5 Ne4
9. Nbd2 Nxd2 10. Bxd2 Nc6 11. Rac1 Qd7 12. Rfd1 c4 13. Bc2 b5 14. b3 Na5 15. b4
Nc6 16. a4 a6 17. Ra1 O-O-O 18. axb5 axb5 19. Bg5 f6 20. exf6 gxf6 21. Bh4 Rde8
22. Qd2 Ref8 23. Re1 Bd6 24. Qh6 Qf7 25. Bg3 Bxg3 26. hxg3 Re8 27. Qf4 Rhf8 28.
Re2 Qc7 29. Rae1 e5 30. dxe5 fxe5 31. Bf5+ Kb8 32. Nxe5 Nxe5 33. Rxe5 Rxe5 34.
Qxe5 Qxe5 35. Rxe5 Rf7 36. Bc2 Rd7 37. Kf1 Kc7 38. Rh5 d4 39. cxd4 Rxd4 40.
Rxb5 Ba6 41. Rc5+ Kb6 42. Ke2 h6 43. Ke3 Rd6 44. g4 1-0

[Event "2. Bundesliga Ost 2013/2014"]
[Site "Wien"]
[Date "2014.01.26"]
[Round "7"]
[Board "4"]
[White "Wiedermann, Daniel"]
[Black "Schneider-Zinner, Harald"]
[Result "1/2-1/2"]
[WhiteElo "2164"]
[BlackElo "2349"]
[PlyCount "135"]
[EventDate "2013.10.05"]
[EventType "team"]
[EventRounds "11"]
[EventCountry "AUT"]
[WhiteTeam "Purbach"]
[BlackTeam "SG Hietzing/Ottakring"]

1. d4 d5 2. Nf3 Nf6 3. Bf4 c5 4. e3 Nc6 5. dxc5 e6 6. a3 Bxc5 7. c4 O-O 8. Nc3
a6 9. Qc2 Qe7 10. cxd5 exd5 11. Bg5 Be6 12. Be2 Rfd8 13. O-O h6 14. Bh4 g5 15.
Bg3 Nh5 16. b4 Nxg3 17. hxg3 Ba7 18. b5 axb5 19. Nxb5 d4 20. exd4 Bxd4 21.
Nfxd4 Nxd4 22. Nxd4 Rxd4 23. Qb2 Rda4 24. Bf3 Rxa3 25. Rxa3 Rxa3 26. Re1 Qc5
27. Qxb7 Ra2 28. Be2 Qc3 29. Qb1 Bf5 30. Bd3 Rb2 31. Bxf5 Rxb1 32. Rxb1 h5 33.
Kf1 Qc4+ 34. Kg1 Kg7 35. Rd1 Qa4 36. Rf1 Kf6 37. Bd3 Qb3 38. Be2 g4 39. Kh2 Qc2
40. Bd1 Qa2 41. f3 Qc4 42. Kg1 Qd4+ 43. Kh2 Qc4 44. Kg1 gxf3 45. Rxf3+ Kg5 46.
Bb3 Qc5+ 47. Kh2 f6 48. Rf4 Qd6 49. Rh4 Qd3 50. Bf7 Qd1 51. Be6 Qd6 52. Bc4 Qd2
53. Rf4 Qd1 54. Bb5 Qd2 55. Bc6 Qd6 56. Bf3 Qe5 57. Rh4 Qe8 58. Be4 Qe5 59. Rf4
Qc5 60. Kh3 Qc8+ 61. Rf5+ Qxf5+ 62. Bxf5 Kxf5 63. Kh4 Kg6 64. g4 hxg4 65. Kxg4
f5+ 66. Kf4 Kf6 67. g4 fxg4 68. Kxg4 1/2-1/2

[Event "2. Bundesliga Ost 2013/2014"]
[Site "Wien"]
[Date "2014.01.26"]
[Round "7"]
[Board "5"]
[White "Janetschek, Karl"]
[Black "Heiny, Michael"]
[Result "1-0"]
[WhiteElo "2238"]
[BlackElo "2084"]
[PlyCount "89"]
[EventDate "2013.10.05"]
[EventType "team"]
[EventRounds "11"]
[EventCountry "AUT"]
[WhiteTeam "SG Hietzing/Ottakring"]
[BlackTeam "Purbach"]

1. e4 e6 2. d4 d5 3. Nd2 dxe4 4. Nxe4 Nd7 5. Nf3 Ngf6 6. Nxf6+ Nxf6 7. Ne5 c5
8. Be3 cxd4 9. Qxd4 Qxd4 10. Bxd4 Bd6 11. g3 Bxe5 12. Bxe5 Bd7 13. Bg2 O-O-O
14. O-O-O Bc6 15. Bxc6 bxc6 16. Bd4 Rd7 17. Bxf6 gxf6 18. Rxd7 Kxd7 19. Rd1+
Kc7 20. Rd4 Rg8 21. Rh4 Rg7 22. Kd2 f5 23. Ke3 f6 24. Rd4 e5 25. Ra4 Kd6 26.
Rb4 Kd5 27. Rb8 Rd7 28. a4 Ke6 29. a5 f4+ 30. gxf4 exf4+ 31. Ke2 Rd5 32. b4 Rb5
33. Rc8 c5 34. Rxc5 Rxc5 35. bxc5 Kd5 36. c4+ Kxc5 37. Kd3 Kb4 38. Kd4 Kxa5 39.
Kc5 f3 40. Kd6 Kb4 41. c5 a5 42. c6 a4 43. c7 a3 44. c8=Q a2 45. Qc1 1-0

[Event "2. Bundesliga Ost 2013/2014"]
[Site "Wien"]
[Date "2014.01.26"]
[Round "7"]
[Board "6"]
[White "Rainprecht, Bernhard"]
[Black "Plank, Franz"]
[Result "0-1"]
[WhiteElo "2115"]
[BlackElo "2232"]
[PlyCount "136"]
[EventDate "2013.10.05"]
[EventType "team"]
[EventRounds "11"]
[EventCountry "AUT"]
[WhiteTeam "Purbach"]
[BlackTeam "SG Hietzing/Ottakring"]

1. b3 e5 2. Bb2 Nc6 3. c4 Nf6 4. Nc3 d5 5. cxd5 Nxd5 6. g3 Nxc3 7. dxc3 Qf6 8.
Bg2 Bc5 9. e3 Bf5 10. Qe2 Rd8 11. e4 Bg4 12. Nf3 O-O 13. h3 Bh5 14. O-O Qe7 15.
g4 Bg6 16. Rad1 f6 17. Nh4 Rxd1 18. Rxd1 Rd8 19. Bf3 Bf7 20. Nf5 Rxd1+ 21. Qxd1
Qd8 22. Qe2 a6 23. Bc1 Be6 24. Ne3 Ne7 25. Qd1 Qxd1+ 26. Bxd1 Ng6 27. Ng2 Kf7
28. Kf1 Ke8 29. Ke2 Kd7 30. Bc2 b5 31. Bd3 c6 32. f3 a5 33. f4 exf4 34. Nxf4
Nxf4+ 35. Bxf4 Bd6 36. Kf3 h6 37. Be3 Be5 38. Bd4 Kd6 39. Ke3 Bf7 40. Kf3 Bg8
41. Ke3 Be6 42. Kd2 b4 43. Bxe5+ Kxe5 44. cxb4 axb4 45. Ke3 h5 46. Be2 c5 47.
gxh5 Bxh3 48. Bc4 Bd7 49. Bf7 Bb5 50. Bc4 Be8 51. Be2 Bf7 52. Bd1 Be6 53. Be2
Bd7 54. Bc4 Bc6 55. Bd3 Be8 56. Be2 Bf7 57. Bd1 c4 58. bxc4 Bxc4 59. Bb3 Bb5
60. Bf7 Bc6 61. Kd3 Bxe4+ 62. Kc4 f5 63. Kxb4 Kd4 64. Be6 f4 65. Bg4 f3 66. h6
gxh6 67. Kb3 f2 68. Bh3 Bd3 0-1

[Event "2. Bundesliga Ost 2013/2014"]
[Site "Wien"]
[Date "2014.02.22"]
[Round "8"]
[Board "1"]
[White "Videki, Sandor"]
[Black "Kummer, Helmut"]
[Result "0-1"]
[WhiteElo "2434"]
[BlackElo "2331"]
[PlyCount "82"]
[EventDate "2013.10.05"]
[EventType "team"]
[EventRounds "11"]
[EventCountry "AUT"]
[WhiteTeam "Spg Data Technology Eichgraben/P."]
[BlackTeam "Purbach"]

1. Nf3 d5 2. d4 e6 3. g3 c5 4. Bg2 Nc6 5. O-O cxd4 6. Nxd4 Bc5 7. Nb3 Bb6 8. c4
Nf6 9. N1d2 O-O 10. cxd5 exd5 11. Nf3 Ne4 12. Nfd4 Qe7 13. e3 Bd7 14. Ne2 Be6
15. Nbd4 Rac8 16. Nxe6 fxe6 17. Bxe4 dxe4 18. Nc3 Ne5 19. Kg2 Rc4 20. Qe2 Qf7
21. Bd2 Qf3+ 22. Qxf3 exf3+ 23. Kg1 Rd8 24. b3 Rc7 25. Ne4 h6 26. Bc3 Nd3 27.
Rfd1 Rcd7 28. Rd2 Nc5 29. Nxc5 Rxd2 30. Bxd2 Bxc5 31. Be1 Kf7 32. Kf1 Ba3 33.
b4 b5 34. Rb1 Rd3 35. Rb3 Rxb3 36. axb3 Bb2 37. Bd2 Kf6 38. Ke1 Kf5 39. Kd1 Kg4
40. Kc2 Bf6 41. Kd3 Kh3 0-1